Macroeconomics for developing countries

Guardado en:
Detalles Bibliográficos
Autor principal: Jha, Raghbendra
Formato: Libro
Lenguaje:inglés
Publicado: London Routledge 2003
Edición:2. ed.
Materias:
Etiquetas: Agregar Etiqueta
Sin Etiquetas, Sea el primero en etiquetar este registro!

MARC

LEADER 00000nam$a2200000$$$4500
001 0002670
005 20240312115818.0
020 |a 0-415-26214-3 
041 0 |a eng 
044 |a GB 
245 1 0 |a Macroeconomics for developing countries  |c Raghbendra Jha 
250 |a 2. ed. 
264 1 |a London  |b Routledge  |c 2003 
300 |a 496 s. 
610 2 0 |a makroekonomika 
610 2 0 |a krajiny rozvojové 
610 2 0 |a účty národné 
610 2 0 |a hospodárstvo uzatvorené 
610 2 0 |a modely 
610 2 0 |a hospodárstvo otvorené 
610 2 0 |a účty bežné 
610 2 0 |a modely makroekonomické 
610 2 0 |a rast hospodársky 
610 2 0 |a politika fiškálna 
610 2 0 |a miera inflácie 
610 2 0 |a kurz výmenný 
610 2 0 |a trh finančný 
610 2 0 |a liberalizácia 
610 2 0 |a MMF 
100 1 |a Jha, Raghbendra